000 00310nam a22001457a 4500
008 230324b ||||| |||| 00| 0 eng d
020 _a6317530
041 _aeng
080 _a030
082 _a030
100 _a19
101 _aMEDIA
245 _aJOURNALISTS IN ACTION
_cBARRETT.W.E.D
942 _2udc
_cBK
999 _c59438
_d59438